| 000 | 00783nam a22002535i 4500 | ||
|---|---|---|---|
| 001 | 168703 | ||
| 003 | ES-MaACL | ||
| 005 | 20250902063113.0 | ||
| 008 | 080516s2007 sp |||| | spa d | ||
| 020 | _a978-84-264-1634-6 | ||
| 080 | _a111.852(091) | ||
| 100 | 1 |
_aEco, Umberto, _d1932-2016 _946611 |
|
| 245 | 1 | 0 |
_aHistoria de la fealdad / _ca cargo de Umberto Eco; traducción de Maria Pons Irazazábal. |
| 250 | _a1ª ed. | ||
| 260 |
_aBarcelona : _bLumen, _c2007. |
||
| 300 |
_a454 p. : _bil. col. ; _c24 cm. |
||
| 500 | _aÍndices. | ||
| 504 | _aBibliografía. | ||
| 650 | 4 |
_aEstética- _vHistoria. _9158972 |
|
| 650 | 4 |
_aMonstruos en el arte. _915175 |
|
| 700 | 1 |
_aPons Irazazábal, María. _993022 |
|
| 852 |
_aES-MaACL _jL-29488 |
||
| 999 |
_c168703 _d168703 |
||